Una cuestión de geodesia física / (Record no. 31986)

MARC details
000 -LEADER
campo de control de longitud fija 00694nam a2200205 i 4500
001 - NÚMERO DE CONTROL
campo de control 31986
003 - IDENTIFICADOR DE NÚMERO DE CONTROL
campo de control ES-MaACL
005 - FECHA Y HORA DE LA ÚLTIMA TRANSACCIÓN
campo de control 20250902103606.0
007 - CAMPO FIJO DE DESCRIPCIÓN FÍSICA--INFORMACIÓN GENERAL
campo de control de longitud fija t|
008 - DATOS DE LONGITUD FIJA--INFORMACIÓN GENERAL
campo de control de longitud fija 030206n19001999sp ||||1| spa d
100 1# - ENTRADA PRINCIPAL--NOMBRE DE PERSONA
Nombre de persona Burgaleta, Vicente.
9 (RLIN) 32615
245 14 - MENCIÓN DEL TÍTULO
Título Una cuestión de geodesia física /
Mención de responsabilidad, etc. por V. Burgaleta.
260 ## - PUBLICACIÓN, DISTRIBUCIÓN, ETC.
Lugar de publicación, distribución, etc. Madrid :
Nombre del editor, distribuidor, etc. Sociedad Matemática Española,
Fecha de publicación, distribución, etc. [19--]
300 ## - DESCRIPCIÓN FÍSICA
Extensión 10 p. ;
Dimensiones 25 cm.
595 ## -
-- Separata de la Revista de la Sociedad Matemática Española, año 5º, abril y mayo, nº 47 y 48.
650 #7 - PUNTO DE ACCESO ADICIONAL DE MATERIA--TÉRMINO DE MATERIA
Término de materia o nombre geográfico como elemento de entrada Geodesia
Fuente del encabezamiento o término embne
9 (RLIN) 13068
710 2# - ENTRADA AGREGADA--NOMBRE DE ENTIDAD CORPORATIVA
Nombre de entidad corporativa o nombre de jurisdicción como elemento de entrada Real Sociedad Matemática Española
9 (RLIN) 6404
852 ## - LOCALIZACIÓN
Ubicación ES-MaACL
Número de control de estantería 1507-F-2
Holdings
Estatus retirado Estado de pérdida Estado de daño No para préstamo Colección Biblioteca de origen Biblioteca actual Ubicación en estantería Fecha de adquisición Fuente de adquisición Total de préstamos Signatura topográfica completa Código de barras Visto por última vez Precio de reemplazo Tipo de ítem Koha
        Colección de folletos Biblioteca del Ateneo de Madrid Biblioteca del Ateneo de Madrid Depósito folletos 17/01/2008     1507-F-2 1033086 23/02/2023 23/02/2023 Folleto